Statistics for A-Z Most Populous US State or City

Click here to take the quiz!

General Stats

  • This quiz has been taken 37 times
  • The average score is 18 of 23

Answer Stats

LetterPopulationAnswer% Correct
N22 millionNew York
97%
C39 millionCalifornia
92%
G10.9 millionGeorgia
92%
L17.2 millionLos Angeles
92%
I12.5 millionIllinois
89%
W8.5 millionWashington
89%
P13 millionPennsylvania
89%
F22.2 millionFlorida
86%
O11.8 millionOhio
86%
V8.7 millionVirginia
86%
H7 millionHouston
83%
T29 millionTexas
83%
S7.5 millionSan Francisco
81%
K4.5 millionKentucky
81%
M10 millionMichigan
81%
B7.7 millionBoston
78%
D7.6 millionDallas
78%
R1.1 millionRhode Island
78%
J2 millionJacksonville
75%
U3.4 millionUtah
75%
A7.4 millionArizona
72%
E850,000El Paso
50%
Y135,000Yuma
31%

Score Distribution

Percentile by Number Answered

Percent of People with Each Score

Your Score History

You have not taken this quiz